SELECTED TOPICS IN OBSTETRICS AND GYNAECOLOGY 1. FOR P.G. & PRACTITIONERS (Record no. 799288)

MARC details
000 -LEADER
fixed length control field 00418pam a2200157 a 4500
020 ## - INTERNATIONAL STANDARD BOOK NUMBER
International Standard Book Number 8172252153
Terms of availability
041 ## - LANGUAGE CODE
Language code of original
082 ## - DEWEY DECIMAL CLASSIFICATION NUMBER
Classification number 618.2
Item number DAF/DAF
100 ## - MAIN ENTRY--PERSONAL NAME
Personal name DAFTARY S.N., DESAI S.V.
245 ## - TITLE STATEMENT
Title SELECTED TOPICS IN OBSTETRICS AND GYNAECOLOGY 1. FOR P.G. & PRACTITIONERS
Medium Textual Documents
250 ## - EDITION STATEMENT
Edition statement 1 ED.
260 ## - PUBLICATION, DISTRIBUTION, ETC.
Name of publisher, distributor, etc. B.I. PUB.
Date of publication, distribution, etc. 2007
300 ## - PHYSICAL DESCRIPTION
Extent 298:
Other physical details VIII;
Dimensions PB.
650 ## - SUBJECT ADDED ENTRY--TOPICAL TERM
Topical term or geographic name entry element OBST.GYNE
930 ## - EQUIVALENCE OR CROSS-REFERENCE-UNIFORM TITLE HEADING [LOCAL, CANADA]
Uniform title 4760
Holdings
Withdrawn status Lost status Damaged status Not for loan Collection Home library Current library Date acquired Source of acquisition Cost, normal purchase price Total Checkouts Full call number Barcode Date last seen Copy number Price effective from Koha item type
          Medical College & Hospital, Sangli Medical College & Hospital, Sangli 22/07/2011 B.M.S.G.B.PUNE 350.00   618.2 DAF/DAF MCS-9670 26/07/2023 1 26/07/2023 Book